000 00636nam a2200241 a 4500
003 AR-BaBNM
005 20251128202943.0
008 082120s2002 ||||||||||||||000 | spa||
040 _cAR-BaBNM
100 1 _aIbarguren, Carlos
245 0 0 _aJuan Manuel de Rosas
_bsu vida : su drama : su tiempo
260 _aBuenos Aires
_bLibrerías Anaconda
_c1933
300 _a382 p.
650 4 _aHISTORIA ARGENTINA
650 4 _aBIOGRAFIAS
650 4 _aGUERRAS CIVILES ARGENTINAS
650 4 _aROSAS Y SU TIEMPO
650 4 _aCAUDILLOS ARGENTINOS
650 4 _aMONTONERAS
655 _aBIOGRAFIAS
942 _cBK
998 _cEnrique
999 _c1266
_d1266